|
|
|
|
| LEADER |
01205nam a2200277 a 4500 |
| 001 |
5768 |
| 003 |
BD-DhAAL |
| 008 |
090505s1993 enka b 001 0 eng d |
| 010 |
|
|
|a 93239147
|
| 020 |
|
|
|a 0044408765 :
|c £14.99
|
| 040 |
|
|
|a DLC
|c DLC
|d DLC
|d BD-DhAAL
|
| 082 |
0 |
0 |
|a 362.19697920082
|2 20
|
| 100 |
1 |
|
|a Berer, Marge.
|9 41945
|
| 245 |
1 |
0 |
|a Women and HIV/AIDS :
|b an international resource book : information, action, and resources on women and HIV/AIDS, reproductive health, and sexual relationships /
|c written and edited by Marge Berer with Sunanda Ray.
|
| 260 |
|
|
|a London :
|b Pandora,
|c 1993.
|
| 300 |
|
|
|a 383 pages :
|b illustrations ;
|c 25 cm.
|
| 504 |
|
|
|a Includes bibliographical references (pages 348-370) and index.
|
| 541 |
1 |
|
|e 5768
|
| 650 |
|
0 |
|a AIDS (Disease) in women
|x Prevention.
|9 41946
|
| 650 |
|
0 |
|a Safe sex in AIDS prevention.
|9 41947
|
| 650 |
|
0 |
|a Women
|x Sexual behavior.
|9 41948
|
| 700 |
1 |
|
|a Ray, Sunanda.
|9 41949
|
| 852 |
|
|
|a Ayesha Abed Library
|c General Stacks
|
| 942 |
|
|
|2 ddc
|c BK
|
| 999 |
|
|
|c 412
|d 412
|
| 952 |
|
|
|0 0
|1 0
|2 ddc
|4 0
|6 362_196979200820000_BER
|7 0
|9 373
|a BRACUL
|b BRACUL
|c GEN
|d 2009-05-06
|g 1680.00
|l 1
|m 6
|o 362.19697920082 BER
|p 3010005768
|r 2012-04-02
|s 2012-02-28
|t 1
|w 2009-05-06
|y BK
|